000 00371nam a22001337a 4500
082 _aP-475
100 _aRana Mamoon Ahmed
_948268
245 _aAutomation of 50 ton Universal Testiong Machine
_cRana Mamoon Ahmed, Ammer Hamza
260 _aRsialpur
_bMCE
_c2011
526 _a0
_b0
_c0
_dP_475
650 _aProject
700 _aMaj Dr. M Rizwan
_948288
942 _2ddc
_cBK
999 _c551278
_d551278